Principles of Signals and System (Record no. 595847)
[ view plain ]
| 000 -LEADER | |
|---|---|
| fixed length control field | 00353nam a22001337a 4500 |
| 020 ## - INTERNATIONAL STANDARD BOOK NUMBER | |
| International Standard Book Number | 9780079111715 |
| 040 ## - CATALOGING SOURCE | |
| Transcribing agency | NUST |
| 082 ## - DEWEY DECIMAL CLASSIFICATION NUMBER | |
| Classification number | 621.3822 TAY |
| 100 ## - MAIN ENTRY--PERSONAL NAME | |
| Personal name | Taylor, Fred J. |
| 9 (RLIN) | 77663 |
| 245 ## - TITLE STATEMENT | |
| Title | Principles of Signals and System |
| 260 ## - PUBLICATION, DISTRIBUTION, ETC. | |
| Place of publication, distribution, etc. | New York; |
| Name of publisher, distributor, etc. | McGraw-Hill, |
| Date of publication, distribution, etc. | 1994. |
| 650 ## - SUBJECT ADDED ENTRY--TOPICAL TERM | |
| Topical term or geographic name entry element | Principles of Signals and System |
| 9 (RLIN) | 114510 |
| 942 ## - ADDED ENTRY ELEMENTS (KOHA) | |
| Source of classification or shelving scheme | |
| Koha item type | Book |
| Withdrawn status | Lost status | Source of classification or shelving scheme | Damaged status | Not for loan | Permanent Location | Current Location | Shelving location | Date acquired | Total Checkouts | Full call number | Barcode | Date last seen | Price effective from | Koha item type |
|---|---|---|---|---|---|---|---|---|---|---|---|---|---|---|
| College of Electrical & Mechanical Engineering (CEME) | College of Electrical & Mechanical Engineering (CEME) | General Stacks | 09/11/2023 | 621.3822 TAY | CEME-41052 | 09/11/2023 | 09/11/2023 | Book |
